[Event "Championnats de la Loire benjamins 2012"]
[Site "Roanne"]
[Date "2012.10.27"]
[Round "1.1"]
[White "Prando, Julien"]
[Black "Coulomb, Marc"]
[Result "0-1"]
[WhiteElo "1199"]
[BlackElo "1300"]
[PlyCount "88"]

1. e4 e5 2. Nf3 Nc6 3. d4 d6 4. Bg5 Be7 5. Bb5 Bxg5 6. d5 a6 7. c4 axb5 8. dxc6
bxc6 9. cxb5 cxb5 10. h4 Bf6 11. O-O Ne7 12. Nc3 c6 13. Ng5 Bxg5 14. hxg5 Ng6
15. Qc1 O-O 16. Qe3 Ba6 17. b4 Qe7 18. g3 Rfc8 19. f4 exf4 20. gxf4 c5 21. Nd5
Qa7 22. Rac1 Re8 23. bxc5 b4 24. f5 Bxf1 25. Rxf1 Qxc5 26. f6 Qxe3+ 27. Nxe3
Rxe4 28. Nf5 gxf6 29. Nh6+ Kg7 30. Nf5+ Kf8 31. Nxd6 Rg4+ 32. Kh2 Rxa2+ 33. Kh3
Rxg5 34. Rxf6 Ra6 35. Rxf7+ Kg8 36. Rf6 Rd5 37. Kg2 Raxd6 38. Rf3 Nh4+ 39. Kg3
Nxf3 40. Kxf3 Re6 41. Kf4 Rc5 42. Kg4 Rf6 43. Kh4 Rg6 44. Kh3 Rh5# 0-1

[Event "Championnats de la Loire benjamins 2012"]
[Site "Roanne"]
[Date "2012.10.27"]
[Round "1.2"]
[White "Lempereur, Theo"]
[Black "Riviere, Romain"]
[Result "1-0"]
[WhiteElo "1250"]
[BlackElo "1199"]
[PlyCount "27"]

1. e4 e5 2. Nf3 Nh6 3. Nxe5 Bd6 4. Nf3 O-O 5. Bc4 Re8 6. Nc3 Nc6 7. O-O Ng4 8.
d3 Bxh2+ 9. Nxh2 Nxh2 10. Kxh2 Qh4+ 11. Kg1 Re5 12. Qf3 g6 13. Qxf7+ Kh8 14.
Qf8# 1-0

[Event "Championnats de la Loire benjamins 2012"]
[Site "Roanne"]
[Date "2012.10.27"]
[Round "1.3"]
[White "Labrosse, Enzo"]
[Black "Villemagne, Antoine"]
[Result "0-1"]
[WhiteElo "1160"]
[BlackElo "1240"]
[PlyCount "70"]

1. e4 e5 2. Nf3 Nc6 3. Bb5 Nf6 4. Nc3 Bd6 5. Bxc6 bxc6 6. O-O O-O 7. d3 Bc5 8.
d4 exd4 9. Nxd4 d5 10. e5 Ng4 11. h3 Nxe5 12. Bf4 Re8 13. Bxe5 Rxe5 14. Nxc6
Qf6 15. Nxe5 Qxe5 16. Qxd5 Qxd5 17. Nxd5 c6 18. Ne7+ Bxe7 19. Rae1 Kf8 20. Re2
Ba6 21. Rd2 Bxf1 22. Kxf1 Rb8 23. b3 Re8 24. c4 Bb4 25. Rd1 f5 26. g4 f4 27.
Kg2 g5 28. f3 Re2+ 29. Kf1 Re3 30. Kf2 Bc5 31. Rd8+ Re8+ 32. Rd4 Bxd4+ 33. Kg2
Re2+ 34. Kf1 Rxa2 35. Ke1 Rb2 0-1

interdit} 36. b4 0-1

[Event "Championnats de la Loire benjamins 2012"]
[Site "Roanne"]
[Date "2012.10.27"]
[Round "1.4"]
[White "Avetikyan, Samuel"]
[Black "Mohin, Loic"]
[Result "0-1"]
[WhiteElo "1199"]
[BlackElo "1140"]
[PlyCount "70"]

1. e4 e5 2. Nf3 Nc6 3. Nc3 Nf6 4. Bc4 Bc5 5. d3 O-O 6. Bg5 h6 7. Bh4 d6 8. O-O
Nd4 9. a3 Bg4 10. Qc1 Bxf3 11. Nd5 Ne2+ 12. Kh1 Nxc1 13. Rfxc1 Re8 14. Bxf6
gxf6 15. gxf3 Bxf2 16. Rf1 c6 17. Nc3 Bd4 18. Ne2 Bxb2 19. Rg1+ Kf8 20. Rab1
Bxa3 21. Rxb7 d5 22. exd5 cxd5 23. Bb3 Re7 24. Rb5 e4 25. Bxd5 exf3 26. Bxf3
Rb8 27. Rd5 Qb6 28. Ra1 Qb2 29. Rc1 Qa2 30. Rh5 Bxc1 31. Nxc1 Re1+ 32. Kg2
Qxc2+ 33. Kg3 Qxc1 34. Rh4 Rg1+ 35. Kf2 Qe1# 0-1

[Event "Championnats de la Loire benjamins 2012"]
[Site "Roanne"]
[Date "2012.10.27"]
[Round "1.5"]
[White "Poyet, Louis"]
[Black "Berounsky, Clement"]
[Result "1-0"]
[WhiteElo "1140"]
[BlackElo "1199"]
[PlyCount "53"]

1. e4 e5 2. Nf3 Nc6 3. Bc4 Nf6 4. Ng5 Na5 5. Nxf7 Qe7 6. Nxh8 Nxc4 7. d3 Nd6 8.
Nc3 g5 9. Bxg5 h6 10. Ng6 Qg7 11. Nxe5 hxg5 12. O-O b6 13. Nc4 Ba6 14. Nxd6+
Bxd6 15. Qe2 O-O-O 16. e5 Bc5 17. exf6 Qxf6 18. Na4 Bb4 19. a3 Ba5 20. b4 Bxb4
21. axb4 c5 22. bxc5 bxc5 23. Rfb1 Bb7 24. d4 cxd4 25. Qa6 Qxa6 26. Nc5 Qf6 27.
Rxb7 1-0

[Event "Championnats de la Loire benjamins 2012"]
[Site "Roanne"]
[Date "2012.10.27"]
[Round "2.1"]
[White "Coulomb, Marc"]
[Black "Poyet, Louis"]
[Result "1-0"]
[WhiteElo "1300"]
[BlackElo "1140"]
[PlyCount "69"]
[EventDate "2012.??.??"]

1. e4 e5 2. Nf3 Nc6 3. c4 Bc5 4. Nxe5 Nxe5 5. d4 Bb4+ 6. Nc3 Bxc3+ 7. bxc3 Ng6
8. c5 d6 9. Bc4 Nf6 10. Bg5 h6 11. Bxf6 Qxf6 12. cxd6 Qxd6 13. Qf3 O-O 14. O-O
Qe7 15. e5 Be6 16. Bd3 c6 17. c4 Nh4 18. Qe3 g6 19. g3 Nf5 20. Qe4 Kh7 21. Rfe1
a6 22. Rab1 Rab8 23. Rb2 b5 24. c5 Rbd8 25. Qf3 Nxd4 26. Qf6 Qxc5 27. Rbb1 Bxa2
28. Rbc1 Qb4 29. Be4 Rb8 30. Kg2 Bd5 31. Bxd5 cxd5 32. Rb1 Qa5 33. e6 Rb7 34.
e7 Re8 35. Qxf7+ 1-0

[Event "Championnats de la Loire benjamins 2012"]
[Site "Roanne"]
[Date "2012.10.27"]
[Round "2.2"]
[White "Mohin, Loic"]
[Black "Lempereur, Theo"]
[Result "0-1"]
[WhiteElo "1140"]
[BlackElo "1250"]
[PlyCount "40"]
[EventDate "2012.??.??"]

1. Nf3 Nc6 2. d4 d5 3. Nc3 Nf6 4. Bf4 Bf5 5. Nb5 e5 6. dxe5 Nh5 7. Bg5 f6 8.
exf6 gxf6 9. Bh4 Bc5 10. e3 Qe7 11. Qd2 O-O-O 12. Nfd4 Bxd4 13. Nxd4 Nxd4 14.
Qxd4 Bxc2 15. Qg4+ Kb8 16. Qxh5 d4 17. Be2 dxe3 18. O-O Rhg8 19. Rac1 Qe4 20.
Bxf6 Qxg2# 0-1

[Event "Championnats de la Loire benjamins 2012"]
[Site "Roanne"]
[Date "2012.10.27"]
[Round "2.3"]
[White "Villemagne, Antoine"]
[Black "Malchere, Lenny"]
[Result "1-0"]
[WhiteElo "1240"]
[BlackElo "1010"]
[PlyCount "35"]
[EventDate "2012.??.??"]

1. e4 e5 2. Nf3 Nc6 3. Bb5 a6 4. Bxc6 dxc6 5. Nxe5 Nf6 6. Nc3 Nxe4 7. Nxe4 Bf5
8. d3 Qd5 9. Bf4 Bxe4 10. dxe4 Qxe4+ 11. Be3 Qxe5 12. O-O Bd6 13. g3 O-O 14. c3
Rfe8 15. Re1 Rad8 16. Bd4 Qd5 17. Qg4 Bc5 18. Qxg7# 1-0

[Event "Championnats de la Loire benjamins 2012"]
[Site "Roanne"]
[Date "2012.10.27"]
[Round "2.4"]
[White "Riviere, Romain"]
[Black "Avetikyan, Samuel"]
[Result "0-1"]
[WhiteElo "1199"]
[BlackElo "1199"]
[PlyCount "72"]
[EventDate "2012.??.??"]

1. e4 e5 2. Bc4 Nc6 3. Nh3 Nf6 4. d3 Bc5 5. Bg5 d6 6. Nc3 Bxh3 7. gxh3 O-O 8.
Qf3 Nd4 9. Qg3 Nxc2+ 10. Kd1 Nxa1 11. Qh4 c6 12. f4 Be3 13. fxe5 dxe5 14. Rf1
Bxg5 15. Qxg5 Qd6 16. d4 Qxd4+ 17. Ke1 Qxc4 18. Rxf6 Rfd8 19. Rf5 Nc2+ 20. Kf2
Qc5+ 21. Ke2 Qc4+ 22. Kf3 Rd3+ 23. Kg4 Ne3+ 24. Kh4 Nxf5+ 25. Qxf5 Rd2 26. Qxe5
Rxb2 27. Kg4 Rc2 28. Nd5 Rg2+ 29. Kf3 Rxa2 30. Ne7+ Kh8 31. h4 Qd3+ 32. Kf4
Rf2+ 33. Kg4 Qf3+ 34. Kg5 Qg2+ 35. Kh5 Qf3+ 36. Kg5 Rg2+ 0-1

[Event "Championnats de la Loire benjamins 2012"]
[Site "Roanne"]
[Date "2012.10.27"]
[Round "2.5"]
[White "Berounsky, Clement"]
[Black "Prando, Julien"]
[Result "0-1"]
[WhiteElo "1199"]
[BlackElo "1199"]
[PlyCount "98"]
[EventDate "2012.??.??"]

1. e4 d5 2. Nc3 Nf6 3. Nf3 Nxe4 4. Nxe4 dxe4 5. Nd4 Qxd4 6. c3 Qf6 7. Bc4 e6 8.
O-O Qh6 9. h3 Bd6 10. d4 Qh4 11. Re1 O-O 12. a4 Bf4 13. g3 Qxh3 14. gxf4 e5 15.
Re3 Qg4+ 16. Qxg4 Bxg4 17. Rg3 h5 18. dxe5 Bf3 19. Rh3 Rd8 20. Be3 Bg4 21. Rh4
Rd1+ 22. Rxd1 Bxd1 23. f3 Bxf3 24. Kf2 b6 25. Rh3 c5 26. Bd5 Bg4 27. Rg3 Nc6
28. Bxe4 Rc8 29. Rg1 f5 30. Bd5+ Kh8 31. Be6 Re8 32. Bd7 Rd8 33. Bxc6 Rc8 34.
Bd7 Rd8 35. Rd1 Bxd1 36. Bxf5 Rf8 37. Bd7 Bg4 38. f5 Bxf5 39. e6 Bxe6+ 40. Ke2
Bxd7 41. Bg5 Bxa4 42. Be7 Re8 43. Kd3 Rxe7 44. Kd2 h4 45. Kc1 h3 46. Kb1 Bb3
47. Kc1 h2 48. Kd2 h1=Q 49. Kd3 Qd5# 0-1

[Event "Championnats de la Loire benjamins 2012"]
[Site "Roanne"]
[Date "2012.10.28"]
[Round "3.1"]
[White "Lempereur, Theo"]
[Black "Coulomb, Marc"]
[Result "0-1"]
[WhiteElo "1250"]
[BlackElo "1300"]
[PlyCount "92"]
[EventDate "2012.??.??"]

1. e4 e5 2. Nf3 Nc6 3. Nc3 Nf6 4. Bc4 Nxe4 5. Nxe4 d5 6. Nc3 dxc4 7. O-O Bd6 8.
Qe1 O-O 9. d3 h6 10. dxc4 Bg4 11. Qe3 Re8 12. Rd1 Qe7 13. Nd5 Qe6 14. Nxc7 Bxc7
15. Bd2 e4 16. Re1 Rad8 17. Bc3 exf3 18. Qxe6 Rxe6 19. Rxe6 Bxe6 20. gxf3 Bxc4
21. Re1 Ba5 22. Re4 Bxc3 23. bxc3 Bd5 24. Re1 Bxf3 25. h4 Rd1 26. Rf1 Be2 27.
Rxd1 Bxd1 28. Kg2 Bxc2 29. Kg3 f6 30. f4 g5 31. fxg5 fxg5 32. hxg5 hxg5 33. Kg4
Kf7 34. Kxg5 Ke6 35. Kf4 Kd5 36. Ke3 Kc4 37. Kd2 Ba4 38. a3 Na5 39. Kc1 Kxc3
40. Kb1 Kb3 41. Ka1 Kxa3 42. Kb1 Kb3 43. Ka1 b5 44. Kb1 Kc3 45. Ka2 Bb3+ 46.
Ka3 b4# 0-1

[Event "Championnats de la Loire benjamins 2012"]
[Site "Roanne"]
[Date "2012.10.28"]
[Round "3.2"]
[White "Avetikyan, Samuel"]
[Black "Villemagne, Antoine"]
[Result "0-1"]
[WhiteElo "1199"]
[BlackElo "1240"]
[PlyCount "92"]
[EventDate "2012.??.??"]

1. e4 e5 2. Nf3 Nc6 3. Nc3 Bc5 4. Bc4 Nf6 5. d3 Ng4 6. O-O O-O 7. Bg5 Nf6 8.
Nd5 d6 9. Nxf6+ gxf6 10. Bh6 Re8 11. Nh4 Be6 12. Qf3 Ne7 13. Qg3+ Ng6 14. Bxe6
Rxe6 15. Nxg6 fxg6 16. h4 Kf7 17. h5 Qg8 18. hxg6+ hxg6 19. Qh4 g5 20. Qh5+ Qg6
21. Qh3 Rh8 22. g4 Qxh6 23. Qxh6 Rxh6 24. Rad1 c6 25. c3 d5 26. d4 exd4 27.
cxd4 Bb6 28. exd5 cxd5 29. Rfe1 Rxe1+ 30. Rxe1 Bxd4 31. b3 Rh4 32. Kg2 Rxg4+
33. Kf3 Rf4+ 34. Kg3 Bxf2+ 35. Kg2 Bxe1 36. Kh2 Ke6 37. a4 Ke5 38. Kg2 Ke4 39.
Kh2 Kf3 40. Kh3 Rg4 41. Kh2 Kf2 42. Kh3 Rg3+ 43. Kh2 d4 44. a5 a6 45. b4 Bxb4
46. Kh1 Rh3# 0-1

[Event "Championnats de la Loire benjamins 2012"]
[Site "Roanne"]
[Date "2012.10.28"]
[Round "3.3"]
[White "Prando, Julien"]
[Black "Mohin, Loic"]
[Result "1-0"]
[WhiteElo "1199"]
[BlackElo "1140"]
[PlyCount "79"]
[EventDate "2012.??.??"]

1. e4 e5 2. d4 Nc6 3. d5 Nd4 4. Nf3 Nxf3+ 5. Qxf3 Nf6 6. Bg5 h6 7. Bh4 Bb4+ 8.
c3 Bc5 9. Qf5 d6 10. Qf3 Bg4 11. Bxf6 gxf6 12. Qxg4 h5 13. Qg7 Rf8 14. Be2 Qe7
15. Bb5+ c6 16. dxc6 O-O-O 17. cxb7+ Kxb7 18. b4 Kb6 19. Na3 Qe6 20. Bc4 Qe7
21. O-O a5 22. bxc5+ dxc5 23. Bd5 Rg8 24. Rab1+ Ka7 25. Rb7+ Ka6 26. Rxe7 Rxg7
27. Rb1 f5 28. Bb7+ Ka7 29. Nb5+ Kb6 30. Nc7+ Ka7 31. Ne6 Rd6 32. Nxg7 fxe4 33.
Bxe4+ Ka6 34. Bd3+ Rxd3 35. Ne6 Rxc3 36. Rxf7 a4 37. h3 c4 38. g4 Rxh3 39. Nc5+
Ka5 40. Ra7# 1-0

[Event "Championnats de la Loire benjamins 2012"]
[Site "Roanne"]
[Date "2012.10.28"]
[Round "3.4"]
[White "Malchere, Lenny"]
[Black "Labrosse, Enzo"]
[Result "1-0"]
[WhiteElo "1010"]
[BlackElo "1160"]
[PlyCount "33"]
[EventDate "2012.??.??"]

1. e4 e5 2. Nc3 Nc6 3. Nf3 Bb4 4. Bb5 f6 5. a3 Bxc3 6. bxc3 d6 7. O-O Bg4 8. d3
Bxf3 9. Qxf3 a6 10. Bxc6+ bxc6 11. Rb1 Rb8 12. Rb4 Rxb4 13. cxb4 c5 14. bxc5
dxc5 15. Qg3 g6 16. h3 f5 17. Qxe5+ 1-0

[Event "Championnats de la Loire benjamins 2012"]
[Site "Roanne"]
[Date "2012.10.28"]
[Round "3.5"]
[White "Poyet, Louis"]
[Black "Riviere, Romain"]
[Result "1-0"]
[WhiteElo "1140"]
[BlackElo "1199"]
[PlyCount "45"]
[EventDate "2012.??.??"]

1. e4 e5 2. Nf3 d6 3. Bc4 d5 4. exd5 Bf5 5. Nxe5 Bb4 6. d6 cxd6 7. Nxf7 Qe7+ 8.
Qe2 Be4 9. f3 Qxf7 10. Bxf7+ Kxf7 11. c3 Nf6 12. fxe4 Ba5 13. b4 Bd8 14. e5
dxe5 15. Qxe5 Bc7 16. Qxc7+ Ke8 17. O-O Nfd7 18. d4 Na6 19. Re1+ Kf8 20. Qxd7
Rb8 21. Qe7+ Kg8 22. Rf1 g5 23. Qf7# 1-0

[Event "Championnats de la Loire benjamins 2012"]
[Site "Roanne"]
[Date "2012.10.28"]
[Round "4.1"]
[White "Coulomb, Marc"]
[Black "Villemagne, Antoine"]
[Result "1-0"]
[WhiteElo "1300"]
[BlackElo "1240"]
[PlyCount "139"]
[EventDate "2012.??.??"]

1. d4 d5 2. c4 dxc4 3. e4 Nf6 4. Nc3 Nc6 5. Nf3 Bg4 6. d5 Ne5 7. Be2 Nxf3+ 8.
Bxf3 Bxf3 9. Qxf3 Qd6 10. Bf4 e5 11. dxe6 Qxe6 12. e5 O-O-O 13. O-O Nd5 14.
Rad1 c6 15. Rfe1 Bb4 16. Bg5 Rd7 17. Re4 b5 18. h3 h6 19. Bc1 Rhd8 20. Red4
Qxe5 21. Nxd5 cxd5 22. Bf4 Qe6 23. Bh2 Bc5 24. Qf4 Rd6 25. R4d2 d4 26. Qf3 Rd5
27. Qg3 R8d6 28. Qxg7 Rd7 29. Qg8+ Kb7 30. Qb8+ Kc6 31. Qc8+ Kb6 32. Qb8+ Rb7
33. Qf4 c3 34. bxc3 Bd6 35. Qf3 Bxh2+ 36. Kxh2 Qe5+ 37. Kg1 Rbd7 38. cxd4 Rxd4
39. Rxd4 Rxd4 40. Rxd4 Qxd4 41. Qxf7 a5 42. Qe6+ Kc5 43. Qxh6 Qa1+ 44. Kh2 Qxa2
45. Qf8+ Kd4 46. Qf6+ Kc5 47. Qe5+ Qd5 48. Qc3+ Qc4 49. Qxa5 Qf4+ 50. Kg1 Qc1+
51. Kh2 Qf4+ 52. Kg1 Qc1+ 53. Kh2 Qf4+ 54. Kh1 Qxf2 55. Qa7+ Kc4 56. Qxf2 b4
57. Qb2 b3 58. h4 Kd5 59. Qxb3+ Ke5 60. h5 Kf6 61. Qg8 Kf5 62. h6 Ke4 63. h7
Kd3 64. h8=R Kd4 65. Qe8 Kd5 66. Rh7 Kd4 67. Rd7+ Kc5 68. Qc8+ Kb6 69. Rb7+ Ka6
70. Qa8# 1-0

[Event "Championnats de la Loire benjamins 2012"]
[Site "Roanne"]
[Date "2012.10.28"]
[Round "4.2"]
[White "Poyet, Louis"]
[Black "Lempereur, Theo"]
[Result "0-1"]
[WhiteElo "1140"]
[BlackElo "1250"]
[PlyCount "60"]
[EventDate "2012.??.??"]

1. e4 e5 2. Nf3 Nc6 3. Bb5 Nf6 4. Nc3 Bb4 5. d3 O-O 6. Bxc6 bxc6 7. Nxe5 Bxc3+
8. bxc3 Bb7 9. Bg5 d6 10. Bxf6 gxf6 11. Qg4+ Kh8 12. Nf3 Rg8 13. Qh3 Bc8 14.
Qh4 f5 15. g3 Qxh4 16. Nxh4 Re8 17. f3 d5 18. O-O fxe4 19. fxe4 dxe4 20. Rxf7
Ba6 21. dxe4 Rxe4 22. Rxc7 Rae8 23. Nf3 Re3 24. Kg2 Re2+ 25. Kg1 h5 26. h4 R8e3
27. Rd1 Bc4 28. Ng5 Rxg3+ 29. Kf1 Reg2+ 30. Ke1 Re3# 0-1

[Event "Championnats de la Loire benjamins 2012"]
[Site "Roanne"]
[Date "2012.10.28"]
[Round "4.3"]
[White "Malchere, Lenny"]
[Black "Prando, Julien"]
[Result "1/2-1/2"]
[WhiteElo "1010"]
[BlackElo "1199"]
[PlyCount "177"]
[EventDate "2012.??.??"]

1. e4 d5 2. Nc3 d4 3. Nb1 g6 4. Nf3 Bg7 5. Bc4 Nh6 6. O-O O-O 7. d3 e6 8. Bxh6
Bxh6 9. c3 dxc3 10. bxc3 f5 11. Qb3 Re8 12. Nd4 Qf6 13. Qa4 Bd7 14. Qb4 Bf8 15.
Qxb7 Nc6 16. Nxc6 Qf7 17. Ne5 Rab8 18. Qxc7 Bd6 19. Qxd6 Qe7 20. Qc7 Bb5 21.
Qa5 fxe4 22. Bxb5 Qc5 23. Nd7 Rxb5 24. Qa3 Qg5 25. Qc1 Qe7 26. c4 Ra5 27. Qd2
Rg5 28. h3 h6 29. h4 Rh5 30. Qf4 Qxd7 31. Qg4 Kg7 32. Re1 Qxd3 33. Rxe4 Qc2 34.
Na3 Qb2 35. Ree1 Qxa3 36. Qd4+ e5 37. Qd7+ Re7 38. Re3 Qc5 39. Qd5 e4 40. Qxc5
Rxc5 41. f3 Rxc4 42. fxe4 Rcxe4 43. Rxe4 Rxe4 44. Rb1 Rxh4 45. Rb7+ Kf8 46.
Rxa7 Ke8 47. Ra6 Rg4 48. a4 Kd8 49. Rd6+ Kc7 50. Rf6 h5 51. a5 g5 52. a6 Kb8
53. Rf7 Ka8 54. a7 h4 55. Kh2 Rg3 56. Rg7 g4 57. Rh7 Ra3 58. Rxh4 g3+ 59. Kh3
Kxa7 60. Rg4 Ra1 61. Rxg3 Rh1+ 62. Kg4 Rh6 63. Rh3 Rg6+ 64. Kf3 Rf6+ 65. Kg4
Kb6 66. Kg5 Rf8 67. g3 Rf3 68. Kg6 Kc5 69. Kg5 Kd4 70. Kg4 Rd3 71. Kf4 Kd5 72.
Rh5+ Kc4 73. g4 Rd4+ 74. Kf5 Rd5+ 75. Kf4 Kd3 76. Rxd5+ Kc4 77. Rd8 Kc5 78. g5
Kc6 79. g6 Kc7 80. Rf8 Kd7 81. g7 Kd6 82. g8=Q Kc5 83. Qg5+ Kd4 84. Qe5+ Kd3
85. Rd8+ Kc4 86. Qd5+ Kb4 87. Rc8 Ka4 88. Qc4+ Ka5 89. Rb8 1/2-1/2

[Event "Championnats de la Loire benjamins 2012"]
[Site "Roanne"]
[Date "2012.10.28"]
[Round "4.4"]
[White "Labrosse, Enzo"]
[Black "Avetikyan, Samuel"]
[Result "0-1"]
[WhiteElo "1160"]
[BlackElo "1199"]
[PlyCount "64"]
[EventDate "2012.??.??"]

1. e4 e5 2. Nf3 Nc6 3. Nc3 Nf6 4. Bb5 Bc5 5. Bxc6 dxc6 6. Nxe5 Qd4 7. f4 Nxe4
8. d3 Nf2 9. Nf3 Nxd1 10. Nxd4 Nxc3 11. bxc3 Bxd4 12. cxd4 O-O 13. Ba3 Re8+ 14.
Kf1 Bg4 15. Re1 Rxe1+ 16. Kxe1 Re8+ 17. Kf1 Re2 18. h3 Rd2 19. Kg1 Be6 20. Bc1
Rxc2 21. Kh2 Bd5 22. Re1 Rxg2+ 23. Kh1 Re2+ 24. Kg1 Rxe1+ 25. Kf2 Rxc1 26. Ke2
Rc2+ 27. Kd1 Rxa2 28. Kc1 Kf8 29. Kb1 Ke7 30. h4 Kf6 31. h5 Kf5 32. Kc1 Kxf4
0-1

[Event "Championnats de la Loire benjamins 2012"]
[Site "Roanne"]
[Date "2012.10.28"]
[Round "4.5"]
[White "Mohin, Loic"]
[Black "Berounsky, Clement"]
[Result "1-0"]
[WhiteElo "1140"]
[BlackElo "1199"]
[PlyCount "119"]
[EventDate "2012.??.??"]

1. Nf3 d5 2. d4 Nf6 3. Nc3 Nc6 4. Bf4 e6 5. Nb5 Bb4+ 6. c3 Bd6 7. Bxd6 cxd6 8.
e3 O-O 9. Bd3 a6 10. Na3 e5 11. dxe5 dxe5 12. Qa4 b5 13. Qh4 Bg4 14. Ng5 e4 15.
Nxh7 Nxh7 16. Qxd8 Raxd8 17. Bc2 d4 18. cxd4 Nxd4 19. exd4 Rxd4 20. O-O Rd2 21.
Bxe4 Rfd8 22. h3 Bh5 23. Nb1 Re2 24. Nc3 Red2 25. a4 Rxb2 26. axb5 axb5 27. Bc6
Ng5 28. Nxb5 Rd6 29. Nxd6 Be2 30. Be4 Rb8 31. Ra8 Rxa8 32. Bxa8 Bxf1 33. Kxf1
Kh7 34. f4 Ne6 35. Be4+ g6 36. f5 Nc5 37. fxg6+ fxg6 38. Kf2 Nd7 39. g4 Ne5 40.
Kg3 Nd7 41. h4 Nf8 42. h5 Kg7 43. Ne8+ Kf7 44. Bxg6+ Kg8 45. Kh4 Nd7 46. h6 Ne5
47. Nf6+ Kf8 48. Kh5 Ke7 49. h7 Kxf6 50. h8=Q+ Ke6 51. g5 Kd5 52. Bc2 Kd4 53.
g6 Kd5 54. Bb3+ Ke4 55. g7 Nd7 56. g8=Q Kf5 57. Bc2+ Kf4 58. Qg5+ Kf3 59. Qc3+
Ke2 60. Qg2# 1-0

[Event "Championnats de la Loire benjamins 2012"]
[Site "Roanne"]
[Date "2012.10.28"]
[Round "5.1"]
[White "Coulomb, Marc"]
[Black "Malchere, Lenny"]
[Result "1-0"]
[WhiteElo "1300"]
[BlackElo "1010"]
[PlyCount "101"]

1. d3 e5 2. e4 Nc6 3. Nf3 Nf6 4. Be2 Bb4+ 5. c3 Bc5 6. O-O d6 7. h3 Nh5 8. b4
Bb6 9. a4 a5 10. b5 Nb8 11. d4 O-O 12. dxe5 dxe5 13. Qxd8 Rxd8 14. Nxe5 Nf6 15.
Bg5 h6 16. Bxf6 Rd6 17. Bh4 Re6 18. Bg3 Nd7 19. Bc4 Rd6 20. Nxf7 Rf6 21. Ne5+
Kh7 22. Rd1 Bxf2+ 23. Bxf2 Nxe5 24. Bd4 Nxc4 25. Bxf6 gxf6 26. Na3 Be6 27. Nxc4
Bxc4 28. Rd7+ Kg8 29. Rad1 Be2 30. Rd8+ Rxd8 31. Rxd8+ Kf7 32. Rd7+ Ke8 33.
Rxc7 Bh5 34. Rxb7 Bd1 35. Ra7 Bxa4 36. Rxa5 Bb3 37. b6 Kd8 38. Rf5 Be6 39. Rxf6
Bc4 40. Rxh6 Bd3 41. e5 Bc4 42. Kh2 Kc8 43. Rc6+ Kb7 44. Rxc4 Kxb6 45. e6 Kb5
46. Rc8 Ka4 47. Rb8 Ka5 48. e7 Ka6 49. e8=R Ka7 50. Rb1 Ka6 51. Ra8# 1-0

[Event "Championnats de la Loire benjamins 2012"]
[Site "Roanne"]
[Date "2012.10.28"]
[Round "5.2"]
[White "Villemagne, Antoine"]
[Black "Lempereur, Theo"]
[Result "1-0"]
[WhiteElo "1240"]
[BlackElo "1250"]
[PlyCount "83"]

1. e4 e5 2. Nf3 d6 3. Bc4 Nc6 4. O-O Nf6 5. d3 Bg4 6. Nc3 Nd4 7. Bg5 Nxf3+ 8.
gxf3 Bh3 9. Re1 Be7 10. Re3 Be6 11. Nd5 c6 12. Nxe7 Qxe7 13. Bxe6 fxe6 14. c3
c5 15. Qa4+ Qd7 16. Qxd7+ Kxd7 17. Rd1 Kc7 18. d4 c4 19. b3 b5 20. f4 Nd7 21.
f5 exf5 22. exf5 Rhe8 23. Rde1 a5 24. f4 cxb3 25. axb3 exd4 26. Rxe8 Rxe8 27.
Rxe8 dxc3 28. Re3 Nc5 29. f6 gxf6 30. Bxf6 b4 31. Bd4 Nxb3 32. Bg7 Nc1 33. Re1
a4 34. Rxc1 a3 35. Rc2 a2 36. Rxa2 b3 37. Bxc3 bxa2 38. f5 Kd7 39. f6 Ke8 40.
Kf2 Kf7 41. Ke2 d5 42. Kd2 1-0

[Event "Championnats de la Loire benjamins 2012"]
[Site "Roanne"]
[Date "2012.10.28"]
[Round "5.3"]
[White "Prando, Julien"]
[Black "Avetikyan, Samuel"]
[Result "1-0"]
[WhiteElo "1199"]
[BlackElo "1199"]
[PlyCount "71"]

1. e4 e5 2. d4 Nf6 3. Nc3 Nc6 4. d5 Nd4 5. Be3 Bc5 6. Nf3 Nxf3+ 7. Qxf3 d6 8.
Bb5+ Bd7 9. Bd3 Bg4 10. Qg3 O-O 11. h3 Bh5 12. Bh6 Ne8 13. Bb5 Qf6 14. O-O Qxh6
15. a3 Bd4 16. Na4 a6 17. Bd7 b5 18. Bc6 Rb8 19. c3 bxa4 20. cxd4 exd4 21. Rab1
Qd2 22. Bxa4 Rxb2 23. e5 Rxb1 24. Rxb1 c6 25. exd6 cxd5 26. d7 Nf6 27. Rb8 Qe1+
28. Kh2 Qe7 29. Qc7 g6 30. d8=Q Ng4+ 31. hxg4 Qh4+ 32. Qxh4 Rxb8 33. Qxb8+ Kg7
34. Qe5+ f6 35. Qhxf6+ Kg8 36. Qee6# 1-0

[Event "Championnats de la Loire benjamins 2012"]
[Site "Roanne"]
[Date "2012.10.28"]
[Round "5.4"]
[White "Riviere, Romain"]
[Black "Mohin, Loic"]
[Result "0-1"]
[WhiteElo "1199"]
[BlackElo "1140"]
[PlyCount "58"]

1. e4 e5 2. Bc4 Nf6 3. Nf3 Nc6 4. d3 Bc5 5. Bg5 h6 6. Bh4 O-O 7. O-O d5 8. Bxd5
Nd4 9. Nxe5 Qd6 10. Nxf7 Rxf7 11. Bxf7+ Kxf7 12. Re1 Ne6 13. Qf3 Nf4 14. d4
Bxd4 15. e5 Bxe5 16. Na3 g5 17. Rad1 Qc6 18. Qb3+ Qd5 19. Rxd5 N6xd5 20. Rxe5
gxh4 21. Rf5+ Bxf5 22. c4 Re8 23. Kf1 Nf6 24. c5+ Be6 25. Qxb7 Bd5 26. Qxc7+
Kf8 27. Nb5 Be6 28. Qxa7 Bc4+ 29. Kg1 Re1# 0-1

[Event "Championnats de la Loire benjamins 2012"]
[Site "Roanne"]
[Date "2012.10.28"]
[Round "5.5"]
[White "Berounsky, Clement"]
[Black "Labrosse, Enzo"]
[Result "0-1"]
[WhiteElo "1199"]
[BlackElo "1160"]
[PlyCount "22"]

1. e4 e5 2. Nc3 Nc6 3. Nf3 Nf6 4. Bc4 Bb4 5. Ng5 O-O 6. O-O Bxc3 7. bxc3 Nh5 8.
d3 Nf4 9. Bxf7+ Kh8 10. d4 Qxg5 11. dxe5 Qxg2# 0-1